000 00826nam a2200217 i 4500
001 180579
003 ES-MaACL
005 20250815111837.0
008 120614s1975 sp df |||| | spa d
080 _a543(043.2)
100 1 _aParaira, M.
_9150567
245 1 0 _aContribución al estudio de las aplicaciones de algunos complejos en análisis orgánicos /
_cpor Miguel Paraira Cardona.
260 _aBarcelona :
_bUniversidad, Secretariado de Publicaciones, Intercambio Científico y Extensión Universitaria,
_c1975.
300 _a14 p., 1 h., 1 h con lám. :
_bgráf ;
_c24 cm.
502 _aTesis Univ. Barcelona (Extracto)
504 _aBibliografía.
650 0 7 _aQuímica analítica
_2embne
_916630
710 2 _aUniversidad de Barcelona.
_97141
852 _aES-MaACL
_jE-15362(138)
999 _c180579
_d180579